[Event "Czech League 2002/03 (2nd) (a)"]
[Site "masterchessopen.com Czech Republic"]
[Round "0"]
[White "Seleljo Daniel (CZE)"]
[Black "Taborsky Rostislav (CZE)"]
[Result "1-0"]
[WhiteElo "2289"]
[BlackElo "2281"]

1.e4 c5 2.Nc3 Nc6 3.Nge2 Nf6 4.d4 cxd4 5.Nxd4 d6 6.Bg5 e6 7.Qd2 a6 8.O-O-O h6
9.Bf4 Bd7 10.Nb3 Ne5 11.f3 Bb5 12.Qd4 Qb8 13.Be3 {#r} 1-0

[Event "Czech League 2002/03 (2nd) (a)"]
[Site "masterchessopen.com Czech Republic"]
[Round "0"]
[White "Vozka Pavel (CZE)"]
[Black "Taborsky Rostislav (CZE)"]
[Result "0-1"]
[WhiteElo "2231"]
[BlackElo "2281"]

1.e4 c5 2.Nf3 d6 3.d4 cxd4 4.Nxd4 Nf6 5.Nc3 Nc6 6.Bg5 e6 7.Qd2 a6 8.f4 h6
9.Bxf6 Qxf6 10.Nf3 Qd8 11.Bd3 Be7 12.a3 Bd7 13.O-O g5 14.Kh1 gxf4 15.Qxf4 Qc7
16.Rab1 f6 17.Qd2 Ne5 18.Be2 h5 19.Qd4 Rc8 20.Rbd1 Qc5 21.Nxe5 Qxd4 22.Rxd4
dxe5 23.Rd3 Bb5 24.g3 {#R} 0-1

[Event "It (cat.10)"]
[Site "masterchessopen.com Groningen (Netherlands)"]
[Round "3"]
[White "Kurnosov Igor (RUS)"]
[Black "Werle Jan (NED)"]
[Result "1-0"]
[WhiteElo "2533"]
[BlackElo "2457"]

{ Werle Jan (NED) +10 =7 -8 } 1.e4 c5 2.Nf3 d6 3.d4 cxd4 4.Nxd4 Nf6 5.Nc3 Nc6
6.Bg5 e6 7.Qd2 a6 8.O-O-O h6 9.Nxc6 bxc6 10.Bf4 d5 11.Qe3 { ?/= } 11...Be7 (
11...Bb4 12.Be2 O-O 13.e5 Nh7 14.h4 Be7 15.Rh3 Kh8 16.g4 Rb8 17.g5 c5 18.gxh6
g6 19.h5 Qb6 20.b3 g5 21.Qg3 Rg8 22.Bd2 c4 23.Be3 Qb4 24.Bd4 a5 25.Bg4 Qa3+
26.Kd2 Bc5 27.Qe3 Bxd4 28.Qxd4 cxb3 29.axb3 Rb4 30.Qc5 Rxb3 31.Qxa3 { ...0-1,
Sutovsky Emil 2587 - Wang Zili 2524 , Shenyang 1999 It (cat.13) } ) 12.Be2 Qa5
( 12...O-O 13.Qg3 Kh8 14.h4 a5 15.Qe3 Ba6 16.g4 Bxe2 17.Qxe2 Bb4 18.f3 Bxc3
19.bxc3 Qe7 20.g5 Nh5 21.Be5 f6 22.gxf6 Nxf6 23.Rhg1 Qa3+ 24.Kd2 Rad8 25.Ke1
dxe4 26.fxe4 Rxd1+ 27.Qxd1 Qxa2 28.Rg2 Qc4 29.Qd4 Qxd4 30.cxd4 Ra8 31.Bxf6
gxf6 32.Kd2 { ...1/2-1/2, Kolev Atanas 2550 - Kramnik Vladimir 2780 ,
Villarrobledo 1998 It (open) (active) } ) 13.Qg3 ( 13.exd5 Nxd5 14.Nxd5 cxd5
15.Be5 O-O 16.Kb1 Bd7 17.Qg3 f6 18.Bf4 Kh7 19.c4 Bc6 20.Bd3+ f5 21.Rhe1 Bf6
22.c5 Qb4 23.Bc1 Ba4 24.Rd2 Rac8 25.Rxe6 Bg5 26.f4 Qxf4 27.Qxf4 Bxf4 28.Rf2
Bxc1 29.Rxf5 Rxf5 30.Bxf5+ Kg8 31.Rxa6 Rxc5 32.Rxa4 Bg5 { ...1-0, Kotronias
Vasilios 2573 - Carlsen Magnus 2279 , Gausdal 2002 It (a) } ) 13...dxe4 (
13...Kf8 14.Be5 Ra7 15.f4 Rb7 16.Rhf1 Rg8 17.exd5 cxd5 18.f5 exf5 19.Qd3 Rd7
20.Rxf5 Rd8 21.Bxf6 gxf6 22.Rxd5 Rxd5 23.Nxd5 Bd8 24.Bf3 Qxa2 25.Qc3 Be6
26.Nxf6 Qa1+ 27.Kd2 Qa5 28.Nxg8 Qg5+ 29.Ke1 Kxg8 30.Rxd8+ Qxd8 31.Qb4 Qc7
32.Qe4 a5 33.g3 { ...0-1, Kristjansson Stefan 2374 - Thorhallsson Throstur
2442 , Strandgotu 2001 Ch Iceland } ) ( 13...g5 14.Be5 Rg8 15.Rhe1 Ra7 16.exd5
cxd5 17.Bf3 Kf8 18.Qh3 Rg6 19.Bg4 Rb7 20.b3 h5 21.Be2 g4 22.Qg3 Nd7 23.Bd6
Bxd6 24.Qxd6+ Kg8 25.Kb2 Qc5 { 1/2-1/2, Vuckovic Bojan 2435 - Florean Andrei
2450 , Calicut 1998 Ch World (juniors) (under 20) } ) ( 13...Rg8 14.Bd6 (
14.Bc7 Qc5 { +0.39 CAP } ) 14...Ra7 15.Bf3 Rd7 16.Bxe7 Rxe7 17.Rhe1 Bb7 18.Kb1
g5 19.h3 Kf8 20.Qd6 Ne8 21.Qe5 Qc7 22.Qxc7 Nxc7 23.Na4 Kg7 24.Nc5 Ba8 25.c4
dxc4 26.Be2 e5 27.Bxc4 Nb5 28.Nxa6 Nd4 29.Nc5 Rb8 30.Re3 Ra7 31.Rc1 Bb7
32.Rcc3 { 1-0, Iordachescu Viorel 2634 - Babaev Rashad 2387 , Saint Vincent
2003 It (open) } ) 14.Qxg7 Rg8 15.Qxh6 Ra7 { N } ( 15...Qf5 16.Bd6 Nd5 17.Bxe7
Nxc3 18.bxc3 Kxe7 19.Qh4+ Qg5+ 20.Qxg5+ Rxg5 21.g3 Ra5 22.Kb2 e5 23.Bc4 Rb8+
24.Bb3 Bg4 25.Rd2 Rd5 26.Kc1 Rxd2 27.Kxd2 Bf3 28.Re1 f5 29.Bc4 a5 30.Be2 Kf6
31.Bxf3 exf3 32.Re3 e4 33.g4 Rh8 34.gxf5 Kxf5 35.Re1 { ...0-1, Nataf
Igor-Alexandre 2526 - Te-Llalemand Rosa 2289 , Cappelle la Grande 2000 It
(open) } ) ( 15...e5 16.Bg5 Ng4 17.Qxc6+ Kf8 18.Bxe7+ Kxe7 19.Qxa8 { 1-0,
Zaitsev Alexander 2355 - Smirnov Alexander Y 2272 , Tula 2002 Ch Chess Club
(open) } ) 16.Bd6 { ? } ( 16.Be3 { !? } 16...Rb7 17.Bd4 Nd5 18.Nxe4 { } )
16...Rb7 17.Bxe7 Kxe7 18.Qf4 e5 19.Qd2 Qb4 20.b3 Qa3+ { ?! } ( 20...Be6 { !? }
21.Rhg1 Nd5 22.Kb2 f5 { } ) 21.Kb1 Be6 22.f3 Rgb8 { ? } ( { ? } 22...Rd7
23.Qe3 Rxg2 24.fxe4 Rxd1+ { } ) 23.Ka1 e3 { ?! } ( 23...Rd7 { !? } 24.Qe3 Rg8
25.Rxd7+ Nxd7 { } ) 24.Qxe3 Rxb3 25.cxb3 Rxb3 { +7.00 CAP } 26.Qd2 Nd7 27.Rc1
Nc5 28.Rhd1 Kf6 29.Ne4+ { } {#r} 1-0

[Event "Sea Games (team) (w)"]
[Site "masterchessopen.com Ho Chi Minh City (Vietnam)"]
[Round "4"]
[White "Lin Ailin (SIN)"]
[Black "Lumongdong Lisa Karlina (INA)"]
[Result "0-1"]
[WhiteElo "2002"]
[BlackElo "2163"]

1.e4 c5 2.Nf3 Nc6 3.d4 cxd4 4.Nxd4 Nf6 5.Nc3 e6 6.Bg5 a6 7.Qd2 d6 8.O-O-O h6
9.Be3 Be7 10.f3 Nxd4 11.Bxd4 b5 12.g4 b4 13.Ne2 e5 14.Be3 Be6 15.Kb1 Qa5
16.Nc1 d5 17.exd5 Nxd5 18.Nb3 Qc7 19.Bf2 O-O 20.h4 a5 21.Nc1 Rab8 22.g5 Nc3+
23.Ka1 Rfd8 24.Bd3 Nxd1 25.Rxd1 hxg5 26.hxg5 Bf5 27.Rh1 Bxd3 28.Nxd3 b3
29.axb3 a4 {#R} 0-1

[Event "It (cat.10)"]
[Site "masterchessopen.com Kramatorsk (Ukraine)"]
[Round "10"]
[White "Arzumanian Georgy (ARM)"]
[Black "Kuzmin Gennadi P (UKR)"]
[Result "1-0"]
[WhiteElo "2437"]
[BlackElo "2510"]

{ } 1.e4 { 1 } 1...c5 2.Nf3 Nc6 3.d4 cxd4 4.Nxd4 Nf6 5.Nc3 d6 6.Bg5 e6 7.Qd2
a6 8.O-O-O h6 9.Nxc6 bxc6 10.Bf4 d5 11.Qe3 { ?/= } 11...Qe7 ( 11...Bb4 12.Be2
O-O 13.e5 Nh7 14.h4 Be7 15.Rh3 Kh8 16.g4 Rb8 17.g5 c5 18.gxh6 g6 19.h5 Qb6
20.b3 g5 21.Qg3 Rg8 22.Bd2 c4 23.Be3 Qb4 24.Bd4 a5 25.Bg4 Qa3+ 26.Kd2 Bc5
27.Qe3 Bxd4 28.Qxd4 cxb3 29.axb3 Rb4 30.Qc5 Rxb3 31.Qxa3 { ...0-1, Sutovsky
Emil 2587 - Wang Zili 2524 , Shenyang 1999 It (cat.13) } ) 12.exd5 ( 12.Be2
Qa7 13.Qf3 Be7 14.Qg3 d4 15.e5 dxc3 16.Qxg7 Nd5 17.Qxh8+ Kd7 18.Be3 Qb7
19.bxc3 Rb8 20.Rxd5+ cxd5 21.Rd1 Qc7 22.Kd2 Rb2 23.Bh5 Qc4 24.Qh7 Bc5 25.Qxf7+
Kc6 26.Bxc5 Qxc5 27.Qf4 a5 28.Be2 Bd7 29.g4 Rxa2 30.Rb1 Ra3 31.Rb3 Kc7 {
...1-0, Malakhov Vladimir 2637 - Chernyshov Konstantin 2557 , Elista 2001 Ch
Russia } ) 12...cxd5 13.Be2 { } 13...Bb7 { N } ( 13...Qa7 14.Qg3 d4 15.Qd3 Bd7
16.Qxd4 Bc5 17.Qe5 Bxf2 18.Bf3 Rc8 19.Rd3 Bb6 20.Qe2 O-O 21.Be5 Nh7 22.h4 Rfd8
23.Rhd1 Be8 24.Be4 Rxd3 25.Bxd3 a5 26.Nd5 Bc5 27.Ba6 Rc6 28.Bb5 exd5 29.Bxc6
Bxc6 30.Qg4 f5 31.Qxf5 Bd7 32.Qg6 Bc8 33.Qe8+ { ...1-0, Chandler Murray G 2526
- Bellin Robert 2369 , England 2000 Ch England (team) 2000/01 } ) 14.Qg3 Rc8
15.Rhe1 Qc5 16.Bf3 h5 17.Be5 Rh6 18.Bd4 Qc4 19.Bxf6 { ?! } ( 19.Qg5 { !? }
19...Qc7 20.Be5 Bd6 21.Bxd6 { } ) 19...Rxf6 20.Bxd5 Bxd5 21.Rxd5 h4 22.Qe3 Bc5
23.Qe4 Bxf2 24.Re2 Bg1 { ?! } ( 24...Bb6 { !? } 25.Rd1 Kf8 26.Qb7 Qc6 { } )
25.Rd1 { ! } ( 25.Kd2 { ? } 25...Rf4 26.Qxc4 Rfxc4 27.Rh5 { } ) 25...Bxh2
26.Qh7 { ! } ( 26.Kb1 { ? } 26...Qxe4 27.Nxe4 Rh6 28.Rf1 { } ) 26...Be5 { ? }
( { ? } 26...Rf5 27.Qxf5 Qxe2 28.Qxf7+ Kxf7 { } ) 27.Rxe5 { } {#r} 1-0

[Event "Tournament (masters)"]
[Site "masterchessopen.com Rio de Janeiro (Brazil)"]
[Round "1"]
[White "Limp Eduardo (BRA)"]
[Black "Silver Albert W (BRA)"]
[Result "1-0"]
[WhiteElo "2439"]
[BlackElo "2125"]

1.e4 c5 2.Nf3 Nc6 3.d4 cxd4 4.Nxd4 Nf6 5.Nc3 d6 6.Bg5 e6 7.Qd2 a6 8.O-O-O h6
9.Be3 d5 10.exd5 Nxd5 11.Nxd5 Qxd5 12.Nxc6 Qxd2+ 13.Rxd2 bxc6 14.g3 Bb7 15.Bg2
Be7 16.Rhd1 Rd8 17.Rd3 Ba8 18.Rb3 Rxd1+ 19.Kxd1 O-O 20.Rb6 c5 21.Bxa8 Rxa8
22.Rc6 Bf6 23.c3 {#r} 1-0

[Event "Ch France (open) (a)"]
[Site "masterchessopen.com Aix les Bains (France)"]
[Date "2003.08.20"]
[Round "2"]
[White "Alessandri Pascal (FRA)"]
[Black "Chanoine Guillaume (FRA)"]
[Result "0-1"]
[WhiteElo "1996"]
[BlackElo "2218"]

1.e4 c5 2.Nf3 d6 3.d4 cxd4 4.Nxd4 Nf6 5.Nc3 Nc6 6.Bg5 e6 7.Qd2 a6 8.O-O-O h6
9.Bxf6 Qxf6 10.f4 Nxd4 11.Qxd4 Qxf4+ 12.Kb1 Qe5 13.Qf2 b5 14.Qb6 Qc5 15.Qa5
Bd7 16.Be2 b4 17.Nb5 Bxb5 18.Bxb5+ Qxb5 19.Qxb5+ axb5 20.Rd4 d5 21.exd5 e5
22.Rd2 Bd6 23.g4 O-O 24.h4 Ra4 25.b3 Ra6 26.Rh3 Rfa8 27.c4 bxc3 {#R} 0-1

[Event "It (open) \"]
[Site "masterchessopen.com Valencia (Spain)"]
[Date "2003.10.03"]
[Round "6"]
[White "Castella Fausto (ESP)"]
[Black "Carrasco Sagredo Manuel (ESP)"]
[Result "1-0"]
[WhiteElo "2414"]
[BlackElo "2096"]

1.e4 c5 2.Nf3 d6 3.d4 cxd4 4.Nxd4 Nf6 5.Nc3 Nc6 6.Bg5 e6 7.Qd2 a6 8.O-O-O h6
9.Bf4 Bd7 10.Nxc6 Bxc6 11.Qe1 Be7 12.f3 Qc7 13.Qf2 e5 14.Be3 b5 15.Kb1 b4
16.Nd5 Nxd5 17.exd5 Bd7 18.g4 Bg5 19.Bxg5 hxg5 20.Qd2 O-O 21.h4 f5 22.hxg5
fxg4 23.g6 Rxf3 24.Qh2 Rh3 25.Bxh3 gxh3 26.Rdf1 Qa5 27.Qf2 Qxd5 28.Qh4 {#r}
1-0

[Event "Bayern Regionalliga Northwest 2003/04"]
[Site "masterchessopen.com Bayern (Germany)"]
[Date "2003.11.02"]
[Round "2"]
[White "Ersoez Can (GER)"]
[Black "Gutzeit Kurt"]
[Result "0-1"]
[WhiteElo "2047"]
[BlackElo "1981"]

1.e4 c5 2.Nf3 Nc6 3.d4 cxd4 4.Nxd4 d6 5.Nc3 Nf6 6.Bg5 e6 7.Qd2 a6 8.O-O-O Be7
9.f4 Qc7 10.Nxc6 bxc6 11.Bc4 d5 12.Bb3 h6 13.Bxf6 Bxf6 14.exd5 cxd5 15.Nxd5
exd5 16.Qxd5 Rb8 17.Rhe1+ Kf8 18.g3 a5 19.Qe4 Be6 20.Rd2 g6 21.Bxe6 Bxb2+
22.Kd1 fxe6 23.Qxe6 Bc3 24.Kc1 Bxd2+ 25.Kxd2 Kg7 26.f5 gxf5 {#R} 0-1

[Event "It \"]
[Site "masterchessopen.com Catalan Bay (England)"]
[Date "2004.02.03"]
[Round "8"]
[White "Fellousi Abdelaziz (MAR)"]
[Black "Andrades Jesus (ESP)"]
[Result "1-0"]
[WhiteElo "2192"]
[BlackElo "1955"]

1.e4 c5 2.Nf3 Nc6 3.d4 cxd4 4.Nxd4 Nf6 5.Nc3 d6 6.Bg5 e6 7.Qd2 a6 8.O-O-O Be7
9.f4 O-O 10.Nf3 Ne8 11.Bc4 b5 12.Bb3 Na5 13.Rhe1 Nxb3+ 14.axb3 Bb7 15.e5 Bxf3
16.gxf3 Bxg5 17.fxg5 d5 18.f4 g6 19.Ne4 Qc7 20.Nf6+ Kg7 21.Qf2 Rh8 22.Qh4 h5
23.f5 a5 24.fxe6 fxe6 25.Rd3 Nxf6 26.gxf6+ Kh7 27.Rg3 a4 28.Rxg6 Kxg6 29.Rg1+
{#r} 1-0

[Event "Ch Russia (juniors) (under 20)"]
[Site "masterchessopen.com Samara (Russia)"]
[Date "2004.03.08"]
[Round "7"]
[White "Kurnosov Igor (RUS)"]
[Black "Evdokimov Alexander A (RUS)"]
[Result "1-0"]
[WhiteElo "2533"]
[BlackElo "2455"]

1.e4 c5 2.Nf3 d6 3.d4 cxd4 4.Nxd4 Nf6 5.Nc3 Nc6 6.Bg5 e6 7.Qd2 a6 8.O-O-O Bd7
9.f3 h6 10.Be3 b5 11.Kb1 Ne5 12.Bd3 Qc7 13.g4 b4 14.Nce2 d5 15.exd5 Nxd5
16.Nf4 Nxe3 17.Qxe3 Be7 18.Nf5 Bc5 19.Nxg7+ Kf8 20.Qe4 Ra7 21.Nfh5 Ng6 22.Qe1
Nf4 23.Nxf4 Qxf4 24.Nh5 Qe3 25.Qg3 Ke7 26.Rhe1 Qf2 27.Qf4 Qh4 28.Ng3 Qf6
29.Qxf6+ {#r} 1-0

[Event "Ch Central District"]
[Site "masterchessopen.com Tula (Russia)"]
[Date "2004.03.22"]
[Round "9"]
[White "Romanov Evgeny (RUS)"]
[Black "Kalygin Sergey V (RUS)"]
[Result "1-0"]
[WhiteElo "2448"]
[BlackElo "2437"]

1.e4 c5 2.Nf3 Nc6 3.d4 cxd4 4.Nxd4 Nf6 5.Nc3 d6 6.Bg5 e6 7.Qd2 a6 8.O-O-O h6
9.Nxc6 bxc6 10.Bf4 d5 11.Qe3 Qa5 12.Be2 Bb7 13.Qg3 Rc8 14.Rhe1 dxe4 15.Be5 c5
16.Bc4 Bc6 17.Bxe6 {#r} 1-0

[Event "Ch Russia (juniors) (under 12)"]
[Site "masterchessopen.com Dagomys (Russia)"]
[Round "0"]
[White "Otchiev Mikhail (RUS)"]
[Black "Mandrikov Sergey (RUS)"]
[Result "0-1"]
[WhiteElo "2065"]
[BlackElo "1939"]

1.e4 c5 2.Nf3 Nc6 3.d4 cxd4 4.Nxd4 Nf6 5.Nc3 d6 6.Bg5 e6 7.Qd2 a6 8.Be2 Bd7
9.O-O-O b5 10.f4 h6 11.Bxf6 gxf6 12.Bxb5 axb5 13.Ndxb5 Nb4 14.a3 Na2+ 15.Nxa2
Bxb5 16.Nc3 Bc6 17.Rhg1 Rb8 18.g4 Qb6 19.b3 Qa5 20.Kb2 {#R} 0-1

[Event "Ch France (team) (2) 2003/04"]
[Site "masterchessopen.com France"]
[Date "2004.04.04"]
[Round "11"]
[White "Chabradze Boris (GEO)"]
[Black "Perrin Guillaume (FRA)"]
[Result "1-0"]
[WhiteElo "2131"]
[BlackElo "2175"]

1.e4 c5 2.Nf3 d6 3.d4 cxd4 4.Nxd4 Nf6 5.Nc3 Nc6 6.Bg5 e6 7.Qd2 a6 8.O-O-O h6
9.Nxc6 bxc6 10.Bf4 d5 11.Qe3 Qa5 12.Be2 Bb4 13.Be5 Bb7 14.Qg3 dxe4 15.Bxf6
gxf6 16.Nxe4 Qe5 17.Qd3 O-O 18.Qg3+ Qxg3 19.Nxf6+ Kg7 20.Nh5+ Kg6 21.hxg3 e5
22.c3 Bc5 23.Rd7 Rfb8 24.Bd3+ Kg5 25.f4+ exf4 26.gxf4+ {#r} 1-0

[Event "It (open)"]
[Site "masterchessopen.com Pedrido (Spain)"]
[Date "2004.08.07"]
[Round "5"]
[White "Casanova Nunez Javier (ESP)"]
[Black "Perez Rodriguez Luis M"]
[Result "0-1"]
[WhiteElo "2110"]
[BlackElo "2432"]

1.e4 c5 2.Nf3 d6 3.d4 cxd4 4.Nxd4 Nf6 5.Nc3 Nc6 6.Bg5 e6 7.Qd2 a6 8.O-O-O h6
9.Be3 Bd7 10.f3 b5 11.Nxc6 Bxc6 12.Ne2 Qc7 13.Nd4 Bb7 14.Kb1 e5 15.Nf5 d5
16.exd5 Nxd5 17.Bd3 g6 18.Ng3 f5 19.Rhe1 Bg7 20.Nxf5 gxf5 21.Bxf5 Nxe3 22.Bd7+
Kf7 23.Qxe3 Rhd8 24.Qd3 Kg8 25.Be6+ Kh8 26.Qg6 Rd6 27.g4 Rad8 28.Rd3 Bc8
29.Rxe5 {#R} 0-1

[Event "It (open)"]
[Site "masterchessopen.com Vlissingen (Netherlands)"]
[Date "2004.08.11"]
[Round "6"]
[White "Sijpkens Michiel (NED)"]
[Black "Riemens Albert (NED)"]
[Result "1-0"]
[WhiteElo "2197"]
[BlackElo "2220"]

1.e4 c5 2.Nf3 d6 3.d4 cxd4 4.Nxd4 Nf6 5.Nc3 Nc6 6.Bg5 e6 7.Qd2 a6 8.f4 h6
9.Bxf6 Qxf6 10.Nf3 Bd7 11.Be2 Qd8 12.O-O Be7 13.Rad1 Qb6+ 14.Kh1 Rd8 15.f5 Ne5
16.fxe6 Nxf3 {#r} 1-0

[Event "It (open) \"]
[Site "masterchessopen.com Budapest (Hungary)"]
[Date "2004.08.25"]
[Round "7"]
[White "Kulaots Kaido (EST)"]
[Black "Lupulescu Constantin (ROM)"]
[Result "1-0"]
[WhiteElo "2597"]
[BlackElo "2560"]

1.e4 c5 2.Nf3 d6 3.d4 cxd4 4.Nxd4 Nf6 5.Nc3 Nc6 6.Bg5 e6 7.Qd2 a6 8.O-O-O Nxd4
9.Qxd4 Be7 10.f4 b5 11.Be2 Bb7 12.Bf3 Rc8 13.Bxf6 gxf6 14.f5 Qa5 15.fxe6 fxe6
16.Kb1 b4 17.Ne2 Rc5 18.Qd2 Qa4 19.Nd4 Kf7 20.Qh6 Ra5 21.a3 bxa3 22.Bh5+ Kg8
23.Nxe6 {#r} 1-0

[Event "It (open)"]
[Site "masterchessopen.com Zurich (Switzerland)"]
[Round "1"]
[White "Jenni Florian (SUI)"]
[Black "Nabavi Parwis (SUI)"]
[Result "1-0"]
[WhiteElo "2503"]
[BlackElo "2182"]

1.e4 c5 2.Nf3 d6 3.d4 cxd4 4.Nxd4 Nf6 5.Nc3 Nc6 6.Bg5 e6 7.Qd2 a6 8.O-O-O h6
9.Nxc6 bxc6 10.Bf4 d5 11.Qe3 Be7 12.Be2 O-O 13.h4 Nd7 14.exd5 cxd5 15.Bxh6
gxh6 16.Qxh6 Ne5 17.Ne4 f5 18.Rh3 Ng4 19.Bxg4 fxg4 20.Qg6+ Kh8 21.Ng5 Bxg5+
22.hxg5+ gxh3 23.Rd4 {#r} 1-0

[Event "Bayern Landesliga North 2004/05"]
[Site "masterchessopen.com Bayern (Germany)"]
[Date "2005.02.13"]
[Round "7"]
[White "Saathoff Richard (GER)"]
[Black "Trefny Vlastimil (CZE)"]
[Result "1-0"]
[WhiteElo "2155"]
[BlackElo "2253"]

1.e4 c5 2.Nf3 d6 3.d4 cxd4 4.Nxd4 Nf6 5.Nc3 Nc6 6.Bg5 e6 7.Qd2 a6 8.O-O-O h6
9.Nxc6 bxc6 10.Bf4 d5 11.Qe3 Qa5 12.Be2 Bb4 13.Be5 Bxc3 14.Bxc3 Qxa2 15.Bd3
Bd7 16.Rhe1 a5 17.Qg3 dxe4 18.Qxg7 Rg8 19.Qxf6 exd3 20.Rxd3 Rd8 21.Qxh6 c5
22.Bf6 Rb8 23.Qf4 Rb6 24.Qc7 {#r} 1-0

[Event "Bundesliga B East 2004/05"]
[Site "masterchessopen.com Austria"]
[Date "2005.02.26"]
[Round "8"]
[White "Manik Mikulas (SVK)"]
[Black "Wirius Stefan (AUT)"]
[Result "1-0"]
[WhiteElo "2474"]
[BlackElo "2272"]

1.e4 c5 2.Nf3 d6 3.d4 cxd4 4.Nxd4 Nf6 5.Nc3 Nc6 6.Bg5 e6 7.Qd2 a6 8.O-O-O Bd7
9.f3 h6 10.Be3 b5 11.Nxc6 Bxc6 12.Ne2 Qc7 13.Kb1 Rc8 14.Nd4 Bb7 15.Bd3 g6
16.Rhe1 Bg7 17.Bxb5+ axb5 18.Nxb5 Qe7 19.Nxd6+ Kf8 20.Nxc8 Bxc8 21.Qc3 {#r}
1-0

[Event "Bundesliga B East 2004/05"]
[Site "masterchessopen.com Austria"]
[Date "2005.02.26"]
[Round "8"]
[White "Schlosser Michael (AUT)"]
[Black "Likavsky Tomas (SVK)"]
[Result "0-1"]
[WhiteElo "2329"]
[BlackElo "2514"]

1.e4 c5 2.Nf3 d6 3.d4 cxd4 4.Nxd4 Nf6 5.Nc3 Nc6 6.Bg5 e6 7.Qd2 a6 8.O-O-O h6
9.Bf4 Bd7 10.Nxc6 Bxc6 11.Qe1 Be7 12.e5 Nh5 13.Be3 Qc7 14.Be2 g6 15.Bxh5 gxh5
16.exd6 Bxd6 17.Bd4 Rg8 18.Ne4 Bf4+ 19.Kb1 O-O-O 20.g3 e5 21.Nf6 Rg6 22.Nxh5
Bxh1 23.Qxh1 Bg5 24.Bc3 Rgd6 25.Rf1 Qc4 26.a3 Qe2 {#R} 0-1

[Event "It (open)"]
[Site "masterchessopen.com Wroclaw (Poland)"]
[Date "2005.06.27"]
[Round "1"]
[White "Ivanova Anna (RUS)"]
[Black "Leks Hanna (POL)"]
[Result "0-1"]
[WhiteElo "2075"]
[BlackElo "2209"]

1.e4 c5 2.Nf3 d6 3.d4 cxd4 4.Nxd4 Nf6 5.Nc3 Nc6 6.Bg5 e6 7.Qd2 a6 8.O-O-O h6
9.Be3 Nxd4 10.Bxd4 b5 11.f3 Bb7 12.g4 Qa5 13.Kb1 b4 14.Ne2 e5 15.Bf2 d5 16.g5
hxg5 17.Qxg5 dxe4 18.Bg3 Rc8 19.h4 Qc7 20.Bh3 Rb8 21.Rhe1 Bd5 22.fxe4 {#R} 0-1

[Event "It (open) (b)"]
[Site "masterchessopen.com Brno (Czech Republic)"]
[Date "2005.07.08"]
[Round "7"]
[White "Macek Kamil (CZE)"]
[Black "Kalod Michal (ITA)"]
[Result "1-0"]
[WhiteElo "1930"]
[BlackElo "1931"]

1.e4 c5 2.Nf3 Nc6 3.d4 cxd4 4.Nxd4 Nf6 5.Nc3 d6 6.Bg5 e6 7.Qd2 a6 8.O-O-O Qc7
9.Bxf6 gxf6 10.Qf4 Be7 11.Qh6 Ne5 12.f4 Ng6 13.f5 Bf8 14.Qh5 Nf4 15.Qh4 e5
16.Nb3 b5 17.g3 b4 18.Nb1 Bb7 19.gxf4 Bxe4 20.Bd3 Bxh1 21.Rxh1 Qc6 22.Re1 Be7
23.fxe5 fxe5 24.f6 Bf8 25.Qxb4 Bh6+ 26.N1d2 Bf4 27.Qxf4 {#r} 1-0

[Event "Ch Paris (open)"]
[Site "masterchessopen.com Paris (France)"]
[Date "2005.07.12"]
[Round "4"]
[White "Calistri Tristan (FRA)"]
[Black "Badii Madjid (FRA)"]
[Result "1-0"]
[WhiteElo "2382"]
[BlackElo "2232"]

1.e4 c5 2.Nf3 Nc6 3.d4 cxd4 4.Nxd4 Nf6 5.Nc3 d6 6.Bg5 e6 7.Qd2 a6 8.O-O-O h6
9.Nxc6 bxc6 10.Bf4 d5 11.Qe3 Be7 12.Be2 Nd7 13.h4 e5 14.Bxe5 Nxe5 15.exd5 Qc7
16.f4 Ng6 17.d6 Qb7 18.dxe7 Nxe7 19.g4 h5 20.f5 f6 21.Bc4 Rb8 22.b3 Qc7 23.Ne4
Kf8 24.Qg3 Nd5 25.Qxc7 Nxc7 26.Rd8+ Ne8 27.Nd6 Ke7 28.Rxc8 Nxd6 29.Re1+ {#r}
1-0

[Event "It (open) (a)"]
[Site "masterchessopen.com Pardubice (Czech Republic)"]
[Date "2005.07.24"]
[Round "3"]
[White "Ismagambetov A (KAZ)"]
[Black "Grachev Boris (RUS)"]
[Result "1-0"]
[WhiteElo "2150"]
[BlackElo "2510"]

1.e4 c5 2.Nf3 d6 3.d4 cxd4 4.Nxd4 Nf6 5.Nc3 a6 6.Bg5 Nc6 7.Qd2 e6 8.O-O-O Nxd4
9.Qxd4 Be7 10.f4 b5 11.Be2 Qc7 12.e5 dxe5 13.fxe5 Nd5 14.Bxe7 Nxc3 15.Bf3 Ne2+
16.Bxe2 Qxe7 17.Bf3 Bb7 18.Bxb7 Qxb7 19.Qd6 Rc8 20.Rd2 h5 21.Rhd1 Rh6 22.Qa3
f6 23.Rd7 Qxd7 24.Rxd7 Kxd7 25.Qd6+ {#r} 1-0

[Event "It (open)"]
[Site "masterchessopen.com Tatranske Zruby (Slovakia)"]
[Date "2005.09.10"]
[Round "1"]
[White "Stocek Jiri (CZE)"]
[Black "Vavra Radim (CZE)"]
[Result "1-0"]
[WhiteElo "2580"]
[BlackElo "2063"]

1.e4 c5 2.Nf3 d6 3.d4 cxd4 4.Nxd4 Nf6 5.Nc3 Nc6 6.Bg5 e6 7.Qd2 a6 8.O-O-O h6
9.Bf4 d5 10.exd5 exd5 11.Be2 Be7 12.Rhe1 O-O 13.Bf3 Bd6 14.Nde2 Be6 15.Nxd5
Nxd5 16.Bxd5 Bxd5 17.Qxd5 Bxf4+ 18.Nxf4 Qf6 19.g3 Rac8 20.Qe4 Rfd8 21.c3 b5
22.Rxd8+ Rxd8 23.Rd1 Rxd1+ 24.Kxd1 Ne5 25.Ke2 Nc6 26.Nh5 Qg5 27.Nxg7 Ne7 28.h4
{#r} 1-0

[Event "Ch France (team) (nat.2) 2005/06"]
[Site "masterchessopen.com France"]
[Date "2005.11.20"]
[Round "3"]
[White "Lamorelle Julien (FRA)"]
[Black "Strugnell Carl (FRA)"]
[Result "1-0"]
[WhiteElo "2207"]
[BlackElo "2154"]

1.e4 c5 2.Nf3 d6 3.d4 cxd4 4.Nxd4 Nf6 5.Nc3 Nc6 6.Bg5 e6 7.Qd2 a6 8.O-O-O h6
9.Be3 Bd7 10.f3 b5 11.Nxc6 Bxc6 12.Ne2 e5 13.g4 d5 14.g5 hxg5 15.Bxg5 dxe4
16.Qe3 Qc7 17.Bxf6 gxf6 18.fxe4 Rc8 19.Ng3 b4 20.Qb3 a5 21.Kb1 a4 22.Qf3 Be7
23.b3 Rh4 24.Bc4 a3 25.Rhg1 Rf4 26.Qh5 Bf8 27.Rgf1 {#r} 1-0

[Event "Ch France (team) (nat.4) 2005/06"]
[Site "masterchessopen.com France"]
[Date "2005.11.20"]
[Round "3"]
[White "Bioret Nicolas (FRA)"]
[Black "Bousseffa Olivier (FRA)"]
[Result "0-1"]
[WhiteElo "2147"]
[BlackElo "2088"]

1.e4 c5 2.Nf3 Nc6 3.d4 cxd4 4.Nxd4 Nf6 5.Nc3 d6 6.Bg5 e6 7.Qd2 a6 8.O-O-O h6
9.Nxc6 bxc6 10.Bf4 d5 11.Qe3 Qa5 12.Be2 Bb4 13.Be5 Bb7 14.a3 Be7 15.Qg3 dxe4
16.Rd4 Nd7 17.Rxe4 Nxe5 18.Rxe5 Qc7 19.Qxg7 O-O-O 20.Re4 c5 21.Ra4 Rdg8 {#R}
0-1

[Event "Ch Ukraine (juniors) (under 20) (1/2 final)"]
[Site "masterchessopen.com Lvov (Ukraine)"]
[Date "2005.12.14"]
[Round "4"]
[White "Romashov Anton (UKR)"]
[Black "Yarmysty Mikhail (UKR)"]
[Result "0-1"]
[WhiteElo "2102"]
[BlackElo "2344"]

1.e4 c5 2.Nf3 d6 3.d4 cxd4 4.Nxd4 Nf6 5.Nc3 Nc6 6.Bg5 e6 7.Qd2 a6 8.f4 Bd7
9.Nb3 h6 10.Bxf6 gxf6 11.Be2 b5 12.Bf3 Qb6 13.O-O-O h5 14.Ne2 Rc8 15.Ng3 Ne5
{#R} 0-1